<?xml version="1.0" encoding="UTF-8"?>
<marc:record xmlns:marc="http://www.loc.gov/MARC21/slim">
   <marc:leader>00000nam a2200000 a 4500</marc:leader>
   <marc:datafield ind1="1" ind2=" " tag="100">
      <marc:subfield code="a">Allert, Judith</marc:subfield>
      <marc:subfield code="4">aut</marc:subfield>
      <marc:subfield code="e">Verfasser/-in</marc:subfield>
   </marc:datafield>
   <marc:datafield ind1=" " ind2=" " tag="653">
      <marc:subfield code="a">Erstlesealter, Vorschulalter</marc:subfield>
   </marc:datafield>
   <marc:datafield ind1="0" ind2="0" tag="245">
      <marc:subfield code="a">Super-Schnauze: Held der Mülltonnen</marc:subfield>
   </marc:datafield>
   <marc:datafield ind1="0" ind2="0" tag="245">
      <marc:subfield code="b">Einfach Lesen Lernen</marc:subfield>
   </marc:datafield>
   <marc:datafield ind1="0" ind2="0" tag="245">
      <marc:subfield code="c">Allert, Judith</marc:subfield>
   </marc:datafield>
   <marc:datafield ind1=" " ind2="1" tag="264">
      <marc:subfield code="a">Hamburg</marc:subfield>
      <marc:subfield code="b">Carlsen</marc:subfield>
      <marc:subfield code="c">2024</marc:subfield>
   </marc:datafield>
   <marc:datafield ind1=" " ind2=" " tag="250">
      <marc:subfield code="a">1. Auflage</marc:subfield>
   </marc:datafield>
   <marc:datafield ind1="1" ind2=" " tag="520">
      <marc:subfield code="a">***Tierisches Helden-Abenteuer für Leseanfänger*innen ab 5***&#xD;
Gemeinsam sind wir stark!&#xD;
Schnauzes Leben auf der Straße ist voll von Abenteuer, Freiheit und leckerem Essen – das schnappt ihm der superfiese Spinne allerdings immer wieder vor der Schnauze weg. Als sogar sein Kuscheltier Pelle Einauge in Gefahr gerät, nehmen Schnauze und seine felligen Freunde Otto und Lola ihren ganzen Mut zusammen, um Pelle vor Spinne zu retten. Alle gegen einen – plötzlich ist Spinne ganz allein und gar nicht mehr so superfies. Können Super-Schnauze und seine Freunde ihm verzeihen?&#xD;
Tierischer Erstlesespaß über Freundschaft und das große Herz eines wuscheligen Helden. Liebevoll illustriert von Sabine Sauter, die für den deutschen Kinderbuchpreis 2023 nominiert wurde.&#xD;
Einfach Lesen Lernen:1. Lesestufe: Große Fibelschrift, leichte WörterKleine Texteinheiten in Kombination mit vielen bunten BildernComicelemente, um die Sehgewohnheiten von Kindern zu berücksichtigenGeschichte mit WAU!-Effekt für kleine Hundefans</marc:subfield>
   </marc:datafield>
   <marc:datafield ind1=" " ind2=" " tag="020">
      <marc:subfield code="a">9783551690814</marc:subfield>
      <marc:subfield code="9">9783551690814</marc:subfield>
   </marc:datafield>
   <marc:datafield ind1=" " ind2=" " tag="020">
      <marc:subfield code="a">3551690812</marc:subfield>
      <marc:subfield code="9">3551690812</marc:subfield>
   </marc:datafield>
   <marc:datafield ind1=" " ind2=" " tag="041">
      <marc:subfield code="a">ger</marc:subfield>
   </marc:datafield>
   <marc:datafield ind1=" " ind2=" " tag="300">
      <marc:subfield code="b">Farbig illustriert</marc:subfield>
   </marc:datafield>
   <marc:datafield ind1=" " ind2=" " tag="338">
      <marc:subfield code="a">Band</marc:subfield>
   </marc:datafield>
   <marc:datafield ind1=" " ind2=" " tag="300">
      <marc:subfield code="a">80 Seiten</marc:subfield>
   </marc:datafield>
</marc:record>
